MyGZULibrary

Men and masculinities in modern Africa / (Record no. 7935)

MARC details
000 -LEADER
fixed length control field 01257cam a22003494a 4500
001 - CONTROL NUMBER
control field 12847292
003 - CONTROL NUMBER IDENTIFIER
control field GZU
005 - DATE AND TIME OF LATEST TRANSACTION
control field 20210513112322.0
008 - FIXED-LENGTH DATA ELEMENTS--GENERAL INFORMATION
fixed length control field 020709s2003 nhuab b 001 0 eng
010 ## - LIBRARY OF CONGRESS CONTROL NUMBER
LC control number 2002027620
020 ## - INTERNATIONAL STANDARD BOOK NUMBER
International Standard Book Number 032500255X (alk. paper)
020 ## - INTERNATIONAL STANDARD BOOK NUMBER
International Standard Book Number 0325002541 (pbk. : alk. paper)
040 ## - CATALOGING SOURCE
Original cataloging agency DLC
Transcribing agency DLC
Modifying agency DLC
042 ## - AUTHENTICATION CODE
Authentication code pcc
043 ## - GEOGRAPHIC AREA CODE
Geographic area code fb-----
050 00 - LIBRARY OF CONGRESS CALL NUMBER
Classification number HQ1090.5 MEN 2003
Item number M45 2003
082 00 - DEWEY DECIMAL CLASSIFICATION NUMBER
Classification number 305.31/0967
Edition number 21
245 00 - TITLE STATEMENT
Title Men and masculinities in modern Africa /
Statement of responsibility, etc. edited by Lisa A. Lindsay and Stephan F. Miescher.
260 ## - PUBLICATION, DISTRIBUTION, ETC.
Place of publication, distribution, etc. Portsmouth, NH :
Name of publisher, distributor, etc. Heinemann,
Date of publication, distribution, etc. c2003.
300 ## - PHYSICAL DESCRIPTION
Extent vi, 265 p. :
Other physical details ill., map ;
Dimensions 24 cm.
440 #0 - SERIES STATEMENT/ADDED ENTRY--TITLE
Title Social history of Africa,
International Standard Serial Number 1099-8098
500 ## - GENERAL NOTE
General note Includes bibliography
504 ## - BIBLIOGRAPHY, ETC. NOTE
Bibliography, etc. note Includes bibliographical references and index.
650 #0 - SUBJECT ADDED ENTRY--TOPICAL TERM
Topical term or geographic name entry element Men
Geographic subdivision Africa, Sub-Saharan.
650 #0 - SUBJECT ADDED ENTRY--TOPICAL TERM
Topical term or geographic name entry element Masculinity
Geographic subdivision Africa, Sub-Saharan.
650 #0 - SUBJECT ADDED ENTRY--TOPICAL TERM
Topical term or geographic name entry element Masculinity
Geographic subdivision Africa, Sub-Saharan
General subdivision History.
700 1# - ADDED ENTRY--PERSONAL NAME
Personal name Lindsay, Lisa A.
700 1# - ADDED ENTRY--PERSONAL NAME
Personal name Miescher, Stephan.
906 ## - LOCAL DATA ELEMENT F, LDF (RLIN)
a 7
b cbc
c orignew
d 1
e ocip
f 20
g y-gencatlg
942 ## - ADDED ENTRY ELEMENTS (KOHA)
Source of classification or shelving scheme Library of Congress Classification
Koha item type Books
Classification part 1090.5
Item part MEN
Call number prefix HQ
Holdings
Withdrawn status Lost status Damaged status Not for loan Collection code Home library Current library Shelving location Date acquired Total Checkouts Full call number Barcode Date last seen Copy number Price effective from Koha item type
        Non-fiction Gender Resource Centre Gender Resource Centre General Stacks 05/13/2021   HQ1090.5 MEN 2003 004478 05/13/2021 c.1 05/13/2021 Books